|
|
|
|
| LEADER |
00000nab a2200000 a 4500 |
| 001 |
vtls000924285 |
| 003 |
SK-MaSNL |
| 005 |
20260318122135.0 |
| 008 |
040720e19961023xo 0 hun |
| 035 |
|
|
|a KE33162
|
| 040 |
|
|
|a KEVKJB
|b slo
|c KEVKJB
|e AACR2
|
| 041 |
1 |
|
|a hun
|
| 044 |
|
|
|a xo
|c SK
|
| 080 |
|
|
|a 799.3
|2 1981
|
| 100 |
1 |
|
|a Gazdag, József
|4 aut
|9 641401
|
| 245 |
1 |
0 |
|a Ha a perényi fészerkapu mesélni tudna...
|b Szlovákok az atlantai dobogón: Jozef Gönci
|
| 600 |
1 |
7 |
|a Gönci, Jozef,
|d 1974-
|2 KEVKJB
|9 104368
|
| 650 |
0 |
7 |
|a športová streľba
|2 KEVKJB
|9 29098
|
| 651 |
|
7 |
|a Košice (Slovensko)
|2 KEVKJB
|9 18694
|
| 655 |
|
7 |
|a rozhovory
|2 KEVKJB
|9 31831
|
| 773 |
0 |
8 |
|t Vasárnap
|g Roč. 29
|g Roč. 28, č.43, 23.10.1996, s. 16
|
| 852 |
|
|
|a ZVYKNI
|b KIS3GCP
|
| 999 |
|
|
|c 3192307
|d 3194237
|